000 01881cam a22004454i 4500
003 PE-LiUPU
005 20250731165403.0
008 150930s2013 pe a grm 000 0 spa d
035 _a(Sirsi) a154717
040 _aPE-LiUPU
_bspa
_cPE-LiUPU
_erda
099 _aTE 3
_bV34 2013
100 1 _aVásquez Casas, Diana Lorena
_eautor
245 1 _aPrograma "Escuela de todos para todos" en la inclusión de niños con necesidades educativas especiales del Colegio Adventista del Norte Bogotá, Colombia /
_cDiana Lorena Vásquez Casas.
264 0 _c2013.
300 _a200 hojas :
_bilustraciones;
_c30 cm
336 _atext
_2rdacontent
337 _aunmediated
_2rdamedia
338 _avolume
_2rdacarrier
502 _aTesis
_b(Mg.) --
_cUniversidad Peruana Unión,
_d2013.
504 _aIncluye referencias
520 3 _aEl presente trabajo de investigación ha tenido como finalidad determinar cuan eficaz es el programa "Escuela de todos para todos" para mejorar las actitudes de los docentes y personal administrativo de la institución y poder proponer algunas estrategias, que motiven a cambiar la actitud en el ámbito de políticas institucionales, la práctica docente y finalmente la cultura institucional, logrando así, promover una escuela con un ambiente ideal para la inclusión educativa.
526 _aSEG44
526 _aSEG26
526 _aP151
526 _aP150
526 _aP149
526 _aP146
526 _aP145
526 _aP126
526 _aP125
526 _aP92
526 _aP75
526 _aP74
526 _aP27
526 _aP15
650 0 4 _aEducación de niños excepcionales
_xPlanes y programas.
596 _a1
942 _2ddc
_cTESIS
999 _aTE 3 V34 2013
_wALPHANUM
_c7420
_iT01369
_lCCODEBUL3
_mBUL
_r1
_sY
_tTESIS
_u2015-9-30
_xPOSGRADO
_PP57
_o.STAFF. Tesis
_d7420
980 _81
_gALBERTO SANCHEZ Responsable de Automatización